00605nam a2200169Ia 4500008004100000020001800041041000800059082001800067100004100085245003900126250000600165260005800171300001800229650003000247999001900277952013900296210716s9999 xx 000 0 und d a9780070078079 aeng a658.3124 NOER aNoe, Raymond A;Kodwani, Amitabh Deo. aEmployee training and development. a5 aNew DelhibTata McGraw Hill Education Private Limited axxvi,632/2014 aHuman Resource Management c209760d209760 001040708MBAaAIMITbAIMITd2016-09-01g665.00l1o658.3124 NOERpMBA12326r2026-05-23 00:00:00s2024-04-05v512.05w2021-07-16yBK